000 00469nam a2200157 4500
001 117013
003 ES-MaACL
005 20230906190818.0
007 t|
008 071121s1920 fr r ||||1| fre d
245 0 0 _aPensées choisies des rois de France /
_crecueillies et annotées par Gabriel Boissy.
260 _aParis :
_bTours- E. Arrault et Cia,
_c1920.
300 _aXVI, 372 p. ;
_c19 cm.
700 1 _aBoissy, Gabriel.
_929877
852 _aES-MaACL
_jF-10024
999 _c117013
_d117013